[Event "Politiken Cup 36th"]
[Site "Helsingor"]
[Date "2014.07.29"]
[Round "10"]
[White "Hviid, Hans Henrik"]
[Black "Egholm, Leif"]
[Result "0-1"]
[WhiteElo "1540"]
[BlackElo "1718"]
[PlyCount "72"]
[EventDate "2014.07.21"]
[EventType "swiss"]
[EventRounds "10"]
[EventCountry "DEN"]
[SourceTitle "CBM 161 Extra"]
[Source "ChessBase"]
[SourceDate "2014.08.29"]
[SourceVersion "1"]
[SourceVersionDate "2014.08.29"]
[SourceQuality "1"]

1. d4 Nf6 2. g3 d5 3. e3 Bf5 4. Nc3 e6 5. Bg2 Nbd7 6. Nge2 a6 7. 0-0 c5 8. f3 h6 9. Nf4 cxd4 10. Qxd4 Bxc2 11. e4 Bc5 12. Be3 Bxd4 13. Bxd4 e5 14. Bf2 d4 15. Ncd5 exf4 16. Bxd4 fxg3 17. hxg3 0-0 18. Nb4 Ba4 19. e5 Nxe5 20. Bxe5 Qb6+ 21. Kh2 Qxb4 22. a3 Qd2 23. Bc3 Qd5 24. Rac1 Bc6 25. Rcd1 Qh5+ 26. Kg1 Rfe8 27. Rd4 Qc5 28. Kh2 Nd5 29. Rd3 Ne3 30. Bd4 Nxf1+ 31. Bxf1 Qc2+ 32. Kh3 Bb5 33. Rc3 Bxf1+ 34. Kh4 Qh2+ 35. Kg4 Qh3+ 36. Kf4 g5# 0-1

[Event "Politiken Cup 36th"]
[Site "Helsingor"]
[Date "2014.07.24"]
[Round "5"]
[White "Bjorn, Lasse E"]
[Black "Egholm, Leif"]
[Result "1-0"]
[WhiteElo "1910"]
[BlackElo "1718"]
[PlyCount "85"]
[EventDate "2014.07.21"]
[EventType "swiss"]
[EventRounds "10"]
[EventCountry "DEN"]
[SourceTitle "CBM 161 Extra"]
[Source "ChessBase"]
[SourceDate "2014.08.29"]
[SourceVersion "1"]
[SourceVersionDate "2014.08.29"]
[SourceQuality "1"]

1. e4 c6 2. d4 d5 3. Nc3 dxe4 4. Nxe4 Bf5 5. Ng3 Bg6 6. h4 h6 7. Nf3 Nd7 8. Bc4 e6 9. h5 Bh7 10. 0-0 Ngf6 11. Qe2 Be7 12. Re1 Nd5 13. Nf1 Qc7 14. g3 N7f6 15. Ne5 0-0 16. Ne3 Rad8 17. N3g4 Kh8 18. Nxh6 Bb4 19. c3 Nxc3 20. bxc3 Bxc3 21. Ba3 Ne4 22. Bxf8 Rxf8 23. Nhxf7+ Rxf7 24. Nxf7+ Qxf7 25. Bd3 Ng5 26. Bxh7 Bxd4 27. Bg6 Qf6 28. Rad1 Bxf2+ 29. Kg2 Bxe1 30. Rxe1 e5 31. Rf1 Qe7 32. Qc2 Kg8 33. Qf5 Qd8 34. Qxe5 c5 35. Qe8+ Qxe8 36. Bxe8 Kh7 37. Bg6+ Kh6 38. Re1 c4 39. Re8 c3 40. Rh8+ Nh7 41. Rxh7+ Kg5 42. Rxg7 Kh6 43. Rxb7 1-0

[Event "Politiken Cup 35th"]
[Site "Helsingor"]
[Date "2013.07.27"]
[Round "1"]
[White "Percivaldi, Martin"]
[Black "Egholm, Leif"]
[Result "1-0"]
[WhiteElo "2178"]
[BlackElo "1793"]
[PlyCount "99"]
[EventDate "2013.07.27"]
[EventType "swiss"]
[EventRounds "10"]
[EventCountry "DEN"]
[SourceTitle "CBM 155 Extra"]
[Source "ChessBase"]
[SourceDate "2013.08.26"]
[SourceVersion "1"]
[SourceVersionDate "2013.08.26"]
[SourceQuality "1"]

1. d4 g6 2. c4 c5 3. d5 d6 4. Nc3 Bg7 5. g3 Nf6 6. Bg2 Nbd7 7. Nf3 a6 8. 0-0 0-0 9. a4 Ng4 10. Qc2 Nge5 11. Nd2 f5 12. h3 f4 13. gxf4 Rxf4 14. Nde4 Rh4 15. f4 Nxc4 16. Qd3 Na5 17. Qg3 Rh5 18. Bf3 Rf5 19. Bg4 Nf8 20. Bxf5 Bxf5 21. Nf2 Nb3 22. Ra3 Qb6 23. a5 Nxa5 24. e4 Bd7 25. Qd3 Bd4 26. Ne2 Bb5 27. Qc2 Bd7 28. Nxd4 cxd4 29. Bd2 d3 30. Bxa5 Qxa5 31. Qxd3 Qd8 32. Qd4 Rc8 33. Rc3 h6 34. Rfc1 Kh7 35. Rxc8 Bxc8 36. Kg2 Nd7 37. e5 Qh8 38. Qd3 Nb6 39. Qb3 Nd7 40. Qc3 Nb6 41. Qd4 Nd7 42. Nd3 a5 43. Qc3 Nb6 44. Qc7 Bf5 45. Qxb6 Bxd3 46. Qxb7 Qd8 47. Rc8 Be4+ 48. Kf2 Bxd5 49. Rxd8 Bxb7 50. exd6 1-0

[Event "Valby K41 op 0910"]
[Site "Valby"]
[Date "2009.11.17"]
[Round "2"]
[White "Krogh, Soren"]
[Black "Egholm, Leif"]
[Result "0-1"]
[WhiteElo "1183"]
[BlackElo "1621"]
[PlyCount "32"]
[EventDate "2009.11.03"]
[EventType "swiss"]
[EventRounds "9"]
[EventCountry "DEN"]
[SourceTitle "EXT 2018"]
[Source "ChessBase"]
[SourceDate "2017.10.13"]
[SourceVersion "1"]
[SourceVersionDate "2017.10.13"]
[SourceQuality "1"]

1. b3 e5 2. Bb2 Nc6 3. e3 d6 4. Bb5 Bd7 5. Ne2 a6 6. Bxc6 Bxc6 7. f4 Bxg2 8. Rg1 Qh4+ 9. Ng3 Qxh2 10. Kf2 Bc6+ 11. Kf1 Qh3+ 12. Ke1 exf4 13. Nh5 Qh4+ 14. Kf1 fxe3 15. Nxg7+ Bxg7 16. Bxg7 Qf2# 0-1